| 000 | 01376cam a2200349 i 4500 | ||
|---|---|---|---|
| 001 | 18262019 | ||
| 003 | Nust- CAS-E | ||
| 005 | 20180118181404.0 | ||
| 008 | 140811s2013 pk b 001 0 eng | ||
| 010 | _a 2014323740 | ||
| 020 | _a9789698535223 | ||
| 025 | _aP-E-2014323740; 28 | ||
| 037 |
_bLibrary of Congress -- Islamabad Overseas Office _cRs 500 |
||
| 040 |
_aDLC _beng _cDLC _erda _dDLC |
||
| 042 | _alcode | ||
| 050 | 0 | 0 |
_aJZ5601 _b.H37 2013 |
| 082 |
_a327.17 _bHAS |
||
| 100 | 1 |
_aHashmat, Shahid Ahmad, _eauthor. _98073 |
|
| 245 | 1 | 0 |
_aInternational conflict resolution : _brole of the UN and the OIC / _cShahid Ahmad Hashmat. |
| 260 |
_aIslamabad: _bNational University of Science and Technology, _c2014. |
||
| 300 |
_axxviii, 277 pages ; _c23 cm |
||
| 502 | _a0 | ||
| 504 | _aIncludes bibliographical references (pages 257-268) and index. | ||
| 610 | 2 | 0 |
_aOrganisation of Islamic Conference. _98074 |
| 610 | 2 | 0 |
_aUnited Nations. _98075 |
| 650 | 0 |
_aConflict management _xInternational cooperation. _98076 |
|
| 650 | 0 |
_aMediation, International. _98077 |
|
| 710 | 2 |
_aNational University of Sciences and Technology (Islāmābād, Pakistan) _98078 |
|
| 906 |
_a7 _bcbc _corigode _d3 _encip _f20 _gy-gencatlg |
||
| 942 |
_2ddc _cBK |
||
| 999 |
_c355514 _d355514 |
||